00639nam a22001697a 4500003000400000005001700004008003000021040002500051100003300076245014800109260002800257300002000285504002700305942001400332952010600346999001700452OSt20220531084007.0201208b 00| 0 eng d aDO-SdBNPbspacBNPHU1 aGuzmán G., Ramón 97754810aManual de estudio : b guía práctica de estudio para estudiantes de intermedia, bachillerato y cursos universitarios /cRamón Guzmán G. a[s. l. bs. n. cs. f.] a45 p. ;c18 cm. aBibliografía : p. 45 2ddccLBS1 00102ddc51718MOaBNPHUbPDcHDd2020-12-08eFamilia Reyes Duluc.l0r2020-12-08w2020-12-08yLBS1 c49263d49263